000 01501cam a22003133a 4500
001 20559
003 PGUSA
005 20140828083434.0
008 070211s2007||||xxu|||||s|||||000 1 eng d
040 _aPGUSA
_beng
042 _adc
050 4 _aPS
100 1 _aBangs, John Kendrick,
_d1862-1922
245 1 0 _aR. Holmes and Co. :
_bBeing the Remarkable Adventures of Raffles Holmes, Esq., Detective and Amateur Cracksman by Birth
_h[electronic resource] /
_cJohn Kendrick Bangs
260 _bProject Gutenberg,
_c2007
505 0 _aIntroducing Mr. Raffles Holmes -- The adventure of the Dorrington ruby seal -- The adventure of Mrs. Burlingame's diamond stomacher -- The adventure of the missing pendants -- The adventure of the brass check -- The adventure of the hired burglar -- The redemption of young Billington Rand -- "The nostalgia of Nervy Jim the Snatcher" -- The adventure of room 407 -- The major-general's pepperpots.
506 _aPublic domain in the USA.
516 _aElectronic text
653 _aEngland -- Fiction
653 _aDetective and mystery stories
653 _aHornung, E. W. (Ernest William), 1866-1921 -- Parodies, imitations, etc.
653 _aCriminals -- Fiction
653 _aPrivate investigators -- England -- Fiction
653 _aDoyle, Arthur Conan, Sir, 1859-1930 -- Parodies, imitations, etc.
740 0 _aR. Holmes and Company
830 0 _aProject Gutenberg
_v20559
856 4 0 _uhttp://www.gutenberg.org/ebooks/20559
942 _cEB
999 _c249814
_d249814